000 00489nam a2200169Ia 4500
005 20250326140958.0
008 250326s9999 xx 000 0 und d
037 _aTextbook
040 _aFMSL
_beng
_cFMSL
041 _aeng
_2eng
084 _aX:8(A):8 N8
_qFMSL
100 _aMarris R
_9736602
245 0 _aManagerial capitalism in retrospect
_cMarris R
260 _aLondon
_bLondon, Macmillian press ltd.
_c1998
942 _cTB
_hX:8(A):8 N8
999 _c1288132
_d1288132